Biblioteca

Tupi: En la bañera (Registro nro. 49340)

Detalles MARC
000 -LÍDER
Campo fijo de descripción fija 005400000a22001930004500
001 - NÚMERO DE CONTROL
Campo de control 2194
003 - IDENTIFICADOR DEL NÚMERO DE CONTROL
Campo de control CO-MdFUSB
005 - FECHA Y HORA DE LA ULTIMA TRANSACCIÓN
control field 20170515162408.0
008 - ELEMENTOS DE LONGITUD FIJA -- INFORMACIÓN GENERAL
Campo fijo de descripción fija -- Información general 170504b xxu||||| |||| 00| 0 eng d
020 ## - NÚMERO INTERNACIONAL NORMALIZADO PARA LIBROS
Número Internacional Normalizado del libro 84-236-7261-1
040 ## - FUENTE DE CATALOGACIÓN
Agencia que realiza la transcripción CO-MdBIC
082 04 - NÚMERO DE CLASIFICACIÓN DECIMAL DEWEY
Número de clasificación 863A Ar143b
100 1# - ASIENTO PRINCIPAL--NOMBRE PERSONAL
Nombre personal Mercè Arànega
245 10 - TÍTULO
Título del Material Tupi: En la bañera
250 ## - MENCIÓN DE EDICIÓN
Mención de edición 2a Ed
260 ## - PUBLICACIÓN, DISTRIBUCIÓN, ETC. (PIE DE IMPRENTA)
Lugar de publicación, distribución, etc. España : Edebé
505 00 - NOTA DE CONTENIDO
Nota de contenido con formato preestablecido Tupi: Y la bruja -- Es músico -- Va al mercado -- Y el muñeco de nieve -- En la granja -- Y la tortuga -- En la bañera
942 ## - TIPO DE MATERIAL (KOHA)
Tipo de Item KOHA Z- Libro General BINCO
Existencias
Estado de Material Estado de Perdido Forma de Clasificación Volumen-Parte/Tomo Estado de Dañado No para Préstamo Tomo Biblioteca de Origen Biblioteca Permanente Fecha de Adquisición Total de Préstamos Total de Renovaciones Signatura Topográfica Código de Barras Última vez visto Última vez Préstado Ejemplar/Existencia Fecha de Remplazo Tipo de Material
    Dewey Decimal Classification         Biblioteca Infantil Comunitaria BINCO Biblioteca Infantil Comunitaria BINCO 10/07/2013 4 1 863C Ar143g B33290 05/11/2024 07/10/2024 1 26/01/2016 Z- Libro General BINCO

Biblioteca FUSBC | Teléfono: (57+4) 349 88 10 Ext. 141| WhatsApp (+57) 3005338115 
E-mail: biblioteca@unisbc.edu.co | Calle 76 87-14 Robledo Palenque, Medellín, Colombia

Con tecnología Koha